[Event "Chigorin Memorial 2018"]
[Site "St. Petersburg"]
[Date "2018.10.27"]
[Round "1"]
[White "Paravyan, David"]
[Black "Mohite, Ranveer"]
[Result "1-0"]
[WhiteElo "2629"]
[BlackElo "2091"]
[Annotator "TA"]
[PlyCount "123"]
[EventDate "2018.10.27"]
[EventType "swiss"]
[EventCountry "RUS"]
[SourceTitle "playchess.com"]
[Source "ChessBase"]
[SourceQuality "1"]

1. e4 c5 2. Nf3 d6 3. d4 cxd4 4. Nxd4 Nf6 5. Nc3 Nc6 6. Bg5 e6 7. Qd3 a6 8. O-O-O Bd7 9. f4 Be7 10. Be2 b5 11. Bf3 Rc8 12. Bxf6 Bxf6 13. Nxc6 Bxc6 14. Qxd6 Qxd6 15. Rxd6 Be7 16. Rd3 g5 17. g3 gxf4 18. gxf4 Rg8 19. Ne2 Bf8 20. Rf1 Bh6 21. e5 Bxf3 22. Rfxf3 Rg2 23. Kd1 Rc4 24. Rg3 Rxh2 25. Rh3 Rxh3 26. Rxh3 Bf8 27. Rxh7 Ra4 28. a3 b4 29. axb4 Bxb4 30. c3 Bc5 31. b4 Be7 32. Nd4 Ra2 33. Rh8+ Bf8 34. Nc6 Rf2 35. Nb8 Rxf4 36. Nxa6 Ke7 37. Rg8 Re4 38. b5 Rxe5 39. c4 Bh6 40. b6 Bf4 41. b7 Ra5 42. Ra8 Ra1+ 43. Kc2 Rc1+ 44. Kd3 f5 45. b8=Q Bxb8 46. Rxb8 e5 47. Nb4 Kd6 48. Rb6+ Kc5 49. Rb5+ Kd6 50. Rd5+ Ke6 51. Rc5 e4+ 52. Kd2 Rb1 53. Nc2 f4 54. Nd4+ Kd6 55. Rd5+ Kc7 56. Ne6+ Kc6 57. Nxf4 Rf1 58. Ne2 Ra1 59. Nd4+ Kc7 60. Re5 Ra4 61. Rxe4 Kd6 62. Kc3 1-0

[Event "Chigorin Memorial 2018"]
[Site "St. Petersburg"]
[Date "2018.10.27"]
[Round "1"]
[White "Khismatullin, Denis"]
[Black "Khadzhiev, Valery"]
[Result "1-0"]
[WhiteElo "2617"]
[BlackElo "2087"]
[Annotator "TA"]
[PlyCount "63"]
[EventDate "2018.10.27"]
[EventType "swiss"]
[EventCountry "RUS"]
[SourceTitle "playchess.com"]
[Source "ChessBase"]
[SourceQuality "1"]

1. d4 d5 2. c4 e6 3. Nf3 Nf6 4. g3 Be7 5. Bg2 O-O 6. O-O Nbd7 7. Qc2 c5 8. cxd5 Nxd5 9. Rd1 Qb6 10. Nc3 Nxc3 11. bxc3 cxd4 12. cxd4 Qa6 13. a4 Nb6 14. a5 Nd5 15. e4 Nb4 16. Qb1 Bd7 17. Bd2 Nd3 18. Bc3 Nxf2 19. Kxf2 Bb5 20. Bb4 Bxb4 21. Qxb4 f5 22. Kg1 Be2 23. Re1 fxe4 24. Ne5 Bf3 25. Bf1 b5 26. Rac1 Qb7 27. Rc6 a6 28. Bh3 e3 29. Bxe6+ Kh8 30. d5 e2 31. Qc5 Qa7 32. Qxa7 1-0

[Event "Chigorin Memorial 2018"]
[Site "St. Petersburg"]
[Date "2018.10.27"]
[Round "1"]
[White "Popov, Ivan"]
[Black "Don, Aleksandr"]
[Result "1-0"]
[WhiteElo "2611"]
[BlackElo "2086"]
[Annotator "TA"]
[PlyCount "57"]
[EventDate "2018.10.27"]
[EventType "swiss"]
[EventCountry "RUS"]
[SourceTitle "playchess.com"]
[Source "ChessBase"]
[SourceQuality "1"]

1. e4 c5 2. Nf3 Nc6 3. d4 cxd4 4. Nxd4 e6 5. Nc3 Nf6 6. Nxc6 bxc6 7. e5 Nd5 8. Ne4 Qc7 9. f4 Qb6 10. c4 Ne3 11. Qd3 Bb4+ 12. Bd2 Rb8 13. Nc3 Bxc3 14. Bxc3 Ba6 15. Qe4 Nxf1 16. Rxf1 c5 17. O-O-O Bb7 18. Qe2 Qc6 19. Qd3 O-O 20. Rf2 Qa4 21. b3 Qa3+ 22. Kb1 Bc6 23. f5 exf5 24. Bb2 Qb4 25. Rxf5 a5 26. Rh5 g6 27. Rh6 a4 28. e6 axb3 29. a3 1-0

[Event "Chigorin Memorial 2018"]
[Site "St. Petersburg"]
[Date "2018.10.27"]
[Round "1"]
[White "Kokarev, Dmitry"]
[Black "Tyapkin, Petr"]
[Result "1-0"]
[WhiteElo "2604"]
[BlackElo "2080"]
[Annotator "TA"]
[PlyCount "60"]
[EventDate "2018.10.27"]
[EventType "swiss"]
[EventCountry "RUS"]
[SourceTitle "playchess.com"]
[Source "ChessBase"]
[SourceQuality "1"]

1. g3 Nf6 2. Bg2 g6 3. e4 d6 4. d4 Bg7 5. Nc3 O-O 6. Nge2 c6 7. O-O e5 8. a4 Qc7 9. h3 a5 10. Bg5 h6 11. Be3 Na6 12. Qd2 Kh7 13. f4 exd4 14. Nxd4 Nd7 15. Rad1 Ndc5 16. f5 Qe7 17. Nde2 Rd8 18. Rf2 Qe8 19. Rdf1 Ra7 20. g4 Ra8 21. g5 h5 22. f6 Bf8 23. Ng3 Nb4 24. Nxh5 d5 25. Ng7 Qd7 26. exd5 cxd5 27. Qd4 Ne6 28. Nxe6 Qxe6 29. Nb5 Qc6 30. c3 Be6 1-0

[Event "Chigorin Memorial 2018"]
[Site "St. Petersburg"]
[Date "2018.10.27"]
[Round "1"]
[White "Postanogov, Dmitrii"]
[Black "Maghsoodloo, Parham"]
[Result "0-1"]
[WhiteElo "2101"]
[BlackElo "2685"]
[Annotator "TA"]
[PlyCount "116"]
[EventDate "2018.10.27"]
[EventType "swiss"]
[EventCountry "RUS"]
[SourceTitle "playchess.com"]
[Source "ChessBase"]
[SourceQuality "1"]

1. e4 g6 2. d4 Bg7 3. Nf3 d6 4. Nc3 Nc6 5. h3 Nf6 6. Be2 O-O 7. O-O a6 8. a4 e6 9. Be3 b6 10. Qd2 Bb7 11. Rfe1 Ne7 12. Bd3 Nd7 13. Bh6 c5 14. Bxg7 Kxg7 15. Rad1 cxd4 16. Nxd4 Qc7 17. Bf1 Rad8 18. f4 Nf6 19. f5 e5 20. Nf3 d5 21. Qg5 h6 22. Qg3 Qc5+ 23. Qf2 dxe4 24. Qxc5 bxc5 25. Nxe5 Nxf5 26. Nc4 Nd4 27. Ne3 Nd7 28. Rd2 f5 29. Nc4 Nf6 30. Red1 Rfe8 31. Ne2 e3 32. Rd3 Be4 33. Rxe3 Nd5 34. Nxd4 Nxe3 35. Ne6+ Rxe6 36. Rxd8 Nxf1 37. Kxf1 Bxc2 38. a5 Kf6 39. Kf2 Bb3 40. Nb6 Kg5 41. Rd3 Ba2 42. Nd7 c4 43. Rg3+ Kh5 44. Rc3 Rd6 45. Ne5 Rd2+ 46. Kf3 Rxb2 47. Kf4 Rxg2 48. Nxc4 Bxc4 49. Rxc4 Ra2 50. Rc5 Ra3 51. Rd5 Ra4+ 52. Ke5 f4 53. Kf6+ g5 54. Kg7 f3 55. Rd6 Kh4 56. Rxh6+ Kg3 57. Rxa6 f2 58. Rf6 Rf4 0-1

[Event "Chigorin Memorial 2018"]
[Site "St. Petersburg"]
[Date "2018.10.27"]
[Round "1"]
[White "Tahay, Romain"]
[Black "Alekseev, Evgeny"]
[Result "0-1"]
[WhiteElo "2089"]
[BlackElo "2620"]
[Annotator "TA"]
[PlyCount "98"]
[EventDate "2018.10.27"]
[EventType "swiss"]
[EventCountry "RUS"]
[SourceTitle "playchess.com"]
[Source "ChessBase"]
[SourceQuality "1"]

1. d4 Nf6 2. c4 e6 3. Nc3 Bb4 4. e3 O-O 5. Bd3 d5 6. Nf3 b6 7. O-O Bb7 8. a3 Bd6 9. cxd5 exd5 10. b4 a6 11. Qb3 Nbd7 12. a4 c6 13. Re1 Qc7 14. Rb1 Rfe8 15. h3 b5 16. a5 Ne4 17. Bxe4 dxe4 18. Nd2 Nf6 19. Bb2 Re6 20. d5 cxd5 21. Ne2 Nd7 22. Nd4 Rg6 23. Nf5 Bf8 24. Rbc1 Qd8 25. Nf1 Rc8 26. Rxc8 Qxc8 27. Rc1 Nc5 28. bxc5 Qxf5 29. Ng3 Qg5 30. Qd1 Bc6 31. Bd4 Be7 32. Qh5 Bd8 33. Bc3 Qe7 34. Bb4 Qe6 35. Qf5 Bc7 36. Qxe6 fxe6 37. Ne2 e5 38. Rd1 Kf7 39. g3 Ke6 40. Nc3 Rf6 41. Rd2 Rf3 42. Ne2 g5 43. Bc3 h5 44. Kg2 Bd8 45. Ng1 Rf8 46. Kf1 Be7 47. Bb4 d4 48. exd4 e3 49. Re2 exd4 0-1

[Event "Chigorin Memorial 2018"]
[Site "St. Petersburg"]
[Date "2018.10.27"]
[Round "1"]
[White "Frolov, Aleksey G."]
[Black "Predke, Alexandr"]
[Result "0-1"]
[WhiteElo "2086"]
[BlackElo "2615"]
[Annotator "TA"]
[PlyCount "68"]
[EventDate "2018.10.27"]
[EventType "swiss"]
[EventCountry "RUS"]
[SourceTitle "playchess.com"]
[Source "ChessBase"]
[SourceQuality "1"]

1. e4 c5 2. Nf3 d6 3. d4 cxd4 4. Nxd4 Nf6 5. Nc3 Nc6 6. Bg5 e6 7. Bb5 Bd7 8. Bxc6 bxc6 9. Qf3 Qb6 10. Nb3 Be7 11. Rd1 Qc7 12. O-O h6 13. Be3 e5 14. h3 g5 15. Qe2 g4 16. h4 g3 17. Rd2 gxf2+ 18. Bxf2 Rg8 19. Qa6 Ng4 20. Be1 Qb6+ 21. Qxb6 axb6 22. Rd3 Bc8 23. Rff3 b5 24. a3 Be6 25. Nd1 d5 26. Nc3 d4 27. Nd1 c5 28. Rd2 c4 29. Nc1 b4 30. axb4 Ra1 31. Ra3 Rxc1 32. Ra8+ Bd8 33. b5 Kd7 34. Bg3 d3 0-1

[Event "Chigorin Memorial 2018"]
[Site "St. Petersburg"]
[Date "2018.10.27"]
[Round "1"]
[White "Vetokhin, Ilia"]
[Black "Perunovic, Milos"]
[Result "0-1"]
[WhiteElo "2082"]
[BlackElo "2606"]
[Annotator "TA"]
[PlyCount "110"]
[EventDate "2018.10.27"]
[EventType "swiss"]
[EventCountry "RUS"]
[SourceTitle "playchess.com"]
[Source "ChessBase"]
[SourceQuality "1"]

1. d4 Nf6 2. c4 e6 3. Nc3 Bb4 4. e3 O-O 5. Nge2 d5 6. a3 Bd6 7. Ng3 c6 8. Bd3 dxc4 9. Bxc4 e5 10. dxe5 Bxe5 11. O-O Qe7 12. Qc2 Bc7 13. Bd2 Nbd7 14. Nce4 Nxe4 15. Qxe4 Qxe4 16. Nxe4 Ne5 17. Be2 Bf5 18. Ng3 Be6 19. Bc3 Rfd8 20. Rfd1 Bb3 21. Rxd8+ Rxd8 22. Nf5 f6 23. Nd4 Bf7 24. Rd1 Nc4 25. Nf5 Rxd1+ 26. Bxd1 Be5 27. Bxe5 fxe5 28. b3 Nd2 29. b4 Nc4 30. a4 a5 31. bxa5 Nxa5 32. Nd6 Bd5 33. e4 Be6 34. g3 Kf8 35. f4 Ke7 36. fxe5 g6 37. Kf2 b6 38. Ke3 Nc4+ 39. Nxc4 Bxc4 40. Kd4 Ba2 41. h4 h6 42. Ke3 g5 43. Kf3 Be6 44. Ke3 c5 45. Bc2 Ba2 46. hxg5 hxg5 47. Kf3 Ke6 48. Kg4 Kxe5 49. Kxg5 c4 50. Kh6 Bb3 51. Bb1 c3 52. g4 c2 53. Bxc2 Bxc2 54. g5 Bxa4 55. g6 Bb3 0-1

[Event "Chigorin Memorial 2018"]
[Site "St. Petersburg"]
[Date "2018.10.27"]
[Round "1"]
[White "Lavrinovitsh, Denis"]
[Black "Aleksandrov, Aleksej"]
[Result "0-1"]
[WhiteElo "2078"]
[BlackElo "2602"]
[Annotator "TA"]
[PlyCount "72"]
[EventDate "2018.10.27"]
[EventType "swiss"]
[EventCountry "RUS"]
[SourceTitle "playchess.com"]
[Source "ChessBase"]
[SourceQuality "1"]

1. e4 e5 2. Nf3 Nc6 3. Bb5 a6 4. Ba4 Nf6 5. O-O Be7 6. Re1 b5 7. Bb3 d6 8. c3 O-O 9. d4 Bg4 10. d5 Na5 11. Nbd2 Nxb3 12. axb3 c6 13. dxc6 Qc7 14. Nf1 Qxc6 15. Ng3 Rfe8 16. h3 Be6 17. Ng5 Bc8 18. Nh5 h6 19. Nxf6+ Bxf6 20. Nf3 Be6 21. b4 d5 22. exd5 Bxd5 23. Qe2 Rad8 24. Be3 Bc4 25. Qc2 Bd3 26. Qd1 Re6 27. Nd2 Be7 28. Qf3 e4 29. Qh5 Rg6 30. Qe5 Bd6 31. Qh5 Bb8 32. Qc5 Qb7 33. Qh5 Rd5 34. Qh4 f5 35. f3 Bg3 36. Qh5 Qf7 0-1

[Event "Chigorin Memorial 2018"]
[Site "St. Petersburg"]
[Date "2018.10.27"]
[Round "1.12"]
[White "Goganov, Aleksey"]
[Black "Martynyuk, Elizaveta"]
[Result "1-0"]
[WhiteElo "2592"]
[BlackElo "2076"]
[Annotator "TA"]
[PlyCount "95"]
[EventDate "2018.10.27"]
[EventType "swiss"]
[EventCountry "RUS"]
[WhiteTeam "Russland"]
[BlackTeam "Russland"]
[WhiteTeamCountry "RUS"]
[BlackTeamCountry "RUS"]

1. Nf3 d5 2. g3 c6 3. Bg2 Nf6 4. O-O Bf5 5. c4 e6 6. cxd5 cxd5 7. Qb3 Qb6 8. Qxb6 axb6 9. Nc3 Nc6 10. d3 Bc5 11. Nh4 Bg4 12. h3 Bh5 13. g4 Bg6 14. Bd2 h6 15. Nxg6 fxg6 16. e3 g5 17. d4 Bb4 18. a3 Be7 19. Nb5 Kd7 20. f4 Na5 21. f5 exf5 22. Rxf5 Nc4 23. Bc1 g6 24. Rf2 Rhc8 25. Nc3 Ra5 26. a4 Rc6 27. Rb1 Bb4 28. Nb5 Re6 29. b3 Nd6 30. Nxd6 Kxd6 31. Rbb2 Ra8 32. Rbc2 Rae8 33. Kf1 Kd7 34. Ke2 Rc8 35. Rxc8 Kxc8 36. Bd2 Bxd2 37. Kxd2 Kd7 38. Kd3 Ke7 39. Rf1 Ne4 40. b4 Nf6 41. Rf2 Ne4 42. Bxe4 Rxe4 43. Rc2 Kd7 44. a5 Re6 45. axb6 Rxb6 46. Rc5 Kd6 47. b5 h5 48. e4 1-0

[Event "Chigorin Memorial 2018"]
[Site "St. Petersburg"]
[Date "2018.10.27"]
[Round "1.13"]
[White "Shidlovskiy, Artemiy"]
[Black "Idani, Pouya"]
[Result "0-1"]
[WhiteElo "2073"]
[BlackElo "2588"]
[PlyCount "52"]
[EventDate "2018.10.27"]
[EventType "swiss"]
[EventCountry "RUS"]
[WhiteTeam "Russland"]
[BlackTeam "Iran"]
[WhiteTeamCountry "RUS"]
[BlackTeamCountry "IRI"]

1. d4 Nf6 2. c4 c5 3. d5 e6 4. Nf3 d6 5. g3 exd5 6. cxd5 g6 7. Bg2 Bg7 8. O-O O-O 9. Nc3 Re8 10. Bf4 h6 11. Qc2 Bf5 12. Qb3 Na6 13. Rac1 g5 14. Bd2 Rb8 15. a4 Nc7 16. Rfe1 Qd7 17. h4 g4 18. Nh2 b5 19. axb5 Nxb5 20. Qa2 Nd4 21. e4 Bg6 22. Bf4 Nh5 23. Bd2 Nb3 24. Rcd1 Nxd2 25. Rxd2 f5 26. Qb1 Bxc3 0-1

[Event "Chigorin Memorial 2018"]
[Site "St. Petersburg"]
[Date "2018.10.27"]
[Round "1.14"]
[White "Ivanisevic, Ivan"]
[Black "Shoshin, Kirill"]
[Result "1-0"]
[WhiteElo "2583"]
[BlackElo "2073"]
[PlyCount "59"]
[EventDate "2018.10.27"]
[EventType "swiss"]
[EventCountry "RUS"]
[WhiteTeam "Serbien"]
[BlackTeam "Russland"]
[WhiteTeamCountry "SRB"]
[BlackTeamCountry "RUS"]

1. d4 Nf6 2. c4 e6 3. Nc3 Bb4 4. Qc2 b6 5. e4 c5 6. d5 e5 7. Bd3 d6 8. Nge2 O-O 9. O-O Bxc3 10. Nxc3 Nh5 11. Qe2 g6 12. Bh6 Re8 13. g3 Bh3 14. Rfe1 Qd7 15. Bc2 Qe7 16. f4 exf4 17. gxf4 Nd7 18. Qf3 Qh4 19. Re3 Bg4 20. Qf2 Qxf2+ 21. Kxf2 Ng7 22. Nb5 Red8 23. h3 Bh5 24. Nxd6 Ne8 25. Nxe8 Rxe8 26. Ba4 Red8 27. e5 Nf8 28. Bg5 Rdc8 29. e6 fxe6 30. dxe6 1-0

[Event "Chigorin Memorial 2018"]
[Site "St. Petersburg"]
[Date "2018.10.27"]
[Round "1.15"]
[White "Khlopushin, Dmitriy"]
[Black "Stupak, Kirill"]
[Result "0-1"]
[WhiteElo "2072"]
[BlackElo "2583"]
[Annotator "TA"]
[PlyCount "112"]
[EventDate "2018.10.27"]
[EventType "swiss"]
[EventCountry "RUS"]
[WhiteTeam "Russland"]
[BlackTeam "Weißrussland"]
[WhiteTeamCountry "RUS"]
[BlackTeamCountry "BLR"]

1. e4 g6 2. d4 Bg7 3. c3 d6 4. f4 Nf6 5. Bd3 e5 6. Nf3 Bg4 7. O-O O-O 8. h3 Bxf3 9. Qxf3 exd4 10. cxd4 Nc6 11. d5 Nb4 12. Nc3 Nxd3 13. Qxd3 Re8 14. Bd2 Nd7 15. Rae1 Nc5 16. Qf3 a5 17. f5 Nd7 18. Qg3 Bf6 19. Re2 Kg7 20. Nd1 Be5 21. Qe3 Qh4 22. Bc3 b5 23. Rf4 Qe7 24. Ref2 f6 25. Bxe5 Qxe5 26. fxg6 hxg6 27. Rg4 b4 28. Rf5 Qe7 29. Qg3 Qf7 30. Ne3 Rh8 31. Rf2 Rh5 32. Rgf4 Rf8 33. h4 Kh7 34. Ng4 Qe7 35. Qf3 f5 36. exf5 Rhxf5 37. Qg3 Qg7 38. Kh2 Rxf4 39. Rxf4 Qxb2 40. Rxf8 Nxf8 41. Qf4 Kg7 42. Qh6+ Kf7 43. Qf4+ Ke7 44. Qe3+ Kd8 45. Qh6 Ke7 46. Qe3+ Kf7 47. Qf4+ Kg7 48. Qh6+ Kg8 49. Qg5 Qg7 50. Qf4 Nd7 51. Qg5 Ne5 52. Qd8+ Qf8 53. Nh6+ Kg7 54. Qg5 Qf6 55. Qc1 Qxh4+ 56. Kg1 Qxh6 0-1

[Event "Chigorin Memorial 2018"]
[Site "St. Petersburg"]
[Date "2018.10.27"]
[Round "1.16"]
[White "Timofeev, Artyom"]
[Black "Volkov, Roman"]
[Result "1-0"]
[WhiteElo "2580"]
[BlackElo "2070"]
[Annotator "TA"]
[PlyCount "97"]
[EventDate "2018.10.27"]
[EventType "swiss"]
[EventCountry "RUS"]
[WhiteTeam "Russland"]
[BlackTeam "Russland"]
[WhiteTeamCountry "RUS"]
[BlackTeamCountry "RUS"]

1. e4 e5 2. Nf3 Nc6 3. Nc3 Nf6 4. Bb5 Bd6 5. a3 Nd4 6. Bc4 c6 7. d3 Bc7 8. Be3 Ne6 9. Bxe6 dxe6 10. h3 Nd7 11. b4 Qe7 12. Nd2 O-O 13. O-O b6 14. Rb1 Bb7 15. Nc4 Rfd8 16. a4 Rac8 17. Qc1 Bb8 18. Re1 Ba6 19. Nd2 Bb7 20. Qb2 Nf8 21. a5 Nd7 22. axb6 axb6 23. Na4 Bc7 24. Nc4 b5 25. Nc5 bxc4 26. Nxb7 Re8 27. dxc4 Rb8 28. Nc5 Nxc5 29. Bxc5 Bd6 30. Bxd6 Qxd6 31. Red1 Qc7 32. c5 Red8 33. c3 h6 34. Qe2 Ra8 35. g3 Kh7 36. Kg2 g6 37. Rxd8 Rxd8 38. Rd1 Kg7 39. Rd2 Ra8 40. Qd1 Ra7 41. Rd8 Ra3 42. Qd6 Qxd6 43. Rxd6 Ra6 44. Rd8 Ra3 45. Rc8 Ra6 46. c4 Ra4 47. b5 Rxc4 48. b6 Rb4 49. Rxc6 1-0

[Event "Chigorin Memorial 2018"]
[Site "St. Petersburg"]
[Date "2018.10.27"]
[Round "1.17"]
[White "Torres Dominguez, David"]
[Black "Volkov, Sergey"]
[Result "0-1"]
[WhiteElo "2067"]
[BlackElo "2568"]
[Annotator "TA"]
[PlyCount "60"]
[EventDate "2018.10.27"]
[EventType "swiss"]
[EventCountry "RUS"]
[WhiteTeam "Spanien"]
[BlackTeam "Russland"]
[WhiteTeamCountry "ESP"]
[BlackTeamCountry "RUS"]

1. e4 e6 2. d4 d5 3. exd5 exd5 4. Bd3 c5 5. Qe2+ Be7 6. dxc5 Nf6 7. Nc3 Bg4 8. f3 Be6 9. Bf4 O-O 10. Bd6 Bxd6 11. cxd6 Nc6 12. Qd2 Qxd6 13. Nge2 a6 14. O-O Rac8 15. Kh1 Rfd8 16. Ng3 Ne5 17. Rfe1 Qc7 18. Qg5 Nxd3 19. cxd3 h6 20. Qh4 d4 21. Nce2 Qd6 22. Nh5 Nxh5 23. Qxh5 Rc2 24. b3 Rd2 25. Qa5 Rxd3 26. Nf4 Re3 27. Rxe3 dxe3 28. Nxe6 fxe6 29. Qe1 Qd2 30. Kg1 Qb2 0-1

[Event "Chigorin Memorial 2018"]
[Site "St. Petersburg"]
[Date "2018.10.27"]
[Round "1.18"]
[White "Vorobiov, Evgeny E."]
[Black "Zabolotnov, Evgeny"]
[Result "1-0"]
[WhiteElo "2557"]
[BlackElo "2064"]
[Annotator "TA"]
[PlyCount "203"]
[EventDate "2018.10.27"]
[EventType "swiss"]
[EventCountry "RUS"]
[WhiteTeam "Russland"]
[BlackTeam "Russland"]
[WhiteTeamCountry "RUS"]
[BlackTeamCountry "RUS"]

1. e4 c6 2. Nf3 d5 3. Nc3 Nf6 4. e5 Ne4 5. Ne2 Qb6 6. d4 e6 7. Ng3 c5 8. c3 Nc6 9. Bd3 Nxg3 10. hxg3 cxd4 11. cxd4 Bd7 12. Kf1 Be7 13. a3 Rc8 14. g4 Na5 15. b4 Nc4 16. Rxh7 Rxh7 17. Bxh7 a5 18. Bd3 axb4 19. axb4 Qxb4 20. Rb1 Qc3 21. Rxb7 Ba3 22. Bxa3 Qxa3 23. Rb3 Qa2 24. Qb1 Nd2+ 25. Nxd2 Qxd2 26. Rb8 Rxb8 27. Qxb8+ Ke7 28. Qb3 Qc1+ 29. Ke2 Qf4 30. Qb4+ Ke8 31. f3 Qc1 32. Kf2 Qa1 33. Be2 Qc1 34. Qb8+ Ke7 35. Qb3 Qa1 36. Qe3 Ke8 37. Qd2 Qa4 38. Qc3 Qa2 39. f4 Qb1 40. Bf3 g6 41. Kg3 Kf8 42. Be2 Qg1 43. Kf3 Qb1 44. Qd3 Qa1 45. Qd1 Qc3+ 46. Kf2 Qb2 47. Qd3 Qc1 48. Qe3 Qb2 49. Kg3 Qa1 50. Kh4 Kg7 51. Bf3 Qh1+ 52. Kg3 Qb1 53. Qc3 Kg8 54. Be2 Qg1 55. Qd2 Qb1 56. Bd3 Qa1 57. Qe3 Qc3 58. Kf3 Qa1 59. f5 exf5 60. gxf5 Bxf5 61. Bxf5 gxf5 62. Kf4 Qf1+ 63. Qf3 Qc4 64. Qf2 Kf8 65. Kxf5 Qd3+ 66. Kg4 Qe4+ 67. Kg3 Qd3+ 68. Kh2 Qh7+ 69. Kg1 Qb1+ 70. Qf1 Qe4 71. Qd1 Qe3+ 72. Kh2 Qh6+ 73. Kg3 Qe3+ 74. Kg4 Qe4+ 75. Kh3 Qe3+ 76. g3 Qe4 77. Qd2 Qh1+ 78. Kg4 Qe4+ 79. Qf4 Qg6+ 80. Kh3 Qh5+ 81. Kg2 Qe2+ 82. Qf2 Qe4+ 83. Kg1 Qb1+ 84. Qf1 Qe4 85. Qd1 Qe3+ 86. Kg2 Qe4+ 87. Kf2 Ke7 88. Qd2 Ke8 89. Qb2 Kf8 90. Qa3+ Kg8 91. Qe3 Qc2+ 92. Kf3 Qf5+ 93. Qf4 Qd3+ 94. Kg4 Qe2+ 95. Kg5 Qd3 96. Kf6 Qg6+ 97. Ke7 Qe6+ 98. Kd8 Kg7 99. Qg5+ Kf8 100. Qf6 Qh3 101. e6 Qxe6 102. Qh8# 1-0

[Event "Chigorin Memorial 2018"]
[Site "St. Petersburg"]
[Date "2018.10.27"]
[Round "1.19"]
[White "Aseev, Vladimir"]
[Black "Bocharov, Dmitry"]
[Result "0-1"]
[WhiteElo "2063"]
[BlackElo "2557"]
[Annotator "RC"]
[PlyCount "74"]
[EventDate "2018.10.27"]
[EventType "swiss"]
[EventCountry "RUS"]
[WhiteTeam "Russland"]
[BlackTeam "Russland"]
[WhiteTeamCountry "RUS"]
[BlackTeamCountry "RUS"]

1. d4 d6 2. e4 g6 3. Nf3 Bg7 4. h3 Nf6 5. Nc3 O-O 6. Be2 c5 7. d5 b5 8. Qd3 b4 9. Nd1 e6 10. c4 bxc3 11. Nxc3 exd5 12. exd5 Nbd7 13. O-O Nb6 14. Ng5 Bf5 15. Qd1 h6 16. g4 Bc8 17. Nge4 Nxe4 18. Nxe4 f5 19. Ng3 f4 20. Ne4 Bb7 21. Bf3 Nc4 22. Qb3 Ne5 23. Kg2 Rb8 24. Rd1 Kh8 25. Qa3 Qe7 26. h4 Rbe8 27. Nd2 Qxh4 28. Rh1 Qg5 29. Ne4 Qe7 30. Nd2 Nxf3 31. Nxf3 Bxd5 32. Bd2 Qe2 33. Rad1 Re3 34. Rxh6+ Bxh6 35. Bc3+ Kg8 36. Rxd5 Qxf3+ 37. Kg1 Qxg4+ 0-1

[Event "Chigorin Memorial 2018"]
[Site "St. Petersburg"]
[Date "2018.10.27"]
[Round "1.20"]
[White "Sengupta, Deep"]
[Black "Kharlamov, Igor"]
[Result "1-0"]
[WhiteElo "2557"]
[BlackElo "2063"]
[PlyCount "49"]
[EventDate "2018.10.27"]
[EventType "swiss"]
[EventCountry "RUS"]
[WhiteTeam "Indien"]
[BlackTeam "Israel"]
[WhiteTeamCountry "IND"]
[BlackTeamCountry "ISR"]

1. d4 Nf6 2. Bg5 Ne4 3. Bf4 d5 4. e3 Bf5 5. Bd3 Bg6 6. h4 Nf6 7. h5 Bxd3 8. Qxd3 c5 9. dxc5 Nc6 10. Nc3 e6 11. Qb5 Qc8 12. h6 a6 13. hxg7 Bxg7 14. Qa4 Nd7 15. Bd6 d4 16. exd4 b5 17. cxb6 Nxb6 18. Qb3 Bxd4 19. Nge2 Nd7 20. Nxd4 Nxd4 21. Qa4 Nb5 22. O-O-O Nb6 23. Qh4 Nxd6 24. Rxd6 Qc7 25. Qd4 1-0

[Event "Chigorin Memorial 2018"]
[Site "St. Petersburg"]
[Date "2018.10.27"]
[Round "1.21"]
[White "Fedotov, Alexey"]
[Black "Ter-Sahakyan, Samvel"]
[Result "0-1"]
[WhiteElo "2057"]
[BlackElo "2547"]
[Annotator "TA"]
[PlyCount "116"]
[EventDate "2018.10.27"]
[EventType "swiss"]
[EventCountry "RUS"]
[WhiteTeam "Russland"]
[BlackTeam "Armenien"]
[WhiteTeamCountry "RUS"]
[BlackTeamCountry "ARM"]

1. d4 f5 2. Nc3 Nf6 3. Bg5 d5 4. f3 c5 5. e3 Nc6 6. Qd2 e6 7. Bb5 Be7 8. Nge2 O-O 9. Bxc6 bxc6 10. Na4 Rb8 11. Bf4 Rb4 12. Nxc5 Rxb2 13. O-O Rb6 14. Rfb1 Rf7 15. Rb3 Qe8 16. Qc3 Bd8 17. Rab1 h6 18. Be5 Nd7 19. Nxd7 Qxd7 20. Nf4 Ba6 21. a4 Bc4 22. R3b2 Qc8 23. Nd3 Rfb7 24. Nc5 Rxb2 25. Rxb2 Rb6 26. Rb4 Bg5 27. f4 Be7 28. Qb2 Bd8 29. c3 Kh7 30. h3 Rxb4 31. cxb4 Bh4 32. Kh2 Qe8 33. g3 Bd8 34. Qc3 Qf7 35. Qd2 Be7 36. Kg2 Qh5 37. Qc2 Qg6 38. Qd1 Kg8 39. Kh2 Kf7 40. Bb8 a6 41. Nd7 Kg8 42. Nc5 Qf7 43. Be5 Bd8 44. Qe1 Kh7 45. Kg2 Qe8 46. Kh2 Qg6 47. Nd7 Be7 48. Nc5 Bxc5 49. dxc5 Qh5 50. Kg2 Bd3 51. Kh2 Qf3 52. h4 Be4 53. Qg1 Qe2+ 54. Kh3 h5 55. Bc3 Bf3 56. g4 Bxg4+ 57. Kg3 Qf3+ 58. Kh2 Qh3# 0-1

[Event "Chigorin Memorial 2018"]
[Site "St. Petersburg"]
[Date "2018.10.27"]
[Round "1.22"]
[White "Tsydypov, Zhamsaran"]
[Black "Nazarova, Anastasia"]
[Result "1/2-1/2"]
[WhiteElo "2530"]
[BlackElo "2055"]
[PlyCount "99"]
[EventDate "2018.10.27"]
[EventType "swiss"]
[EventCountry "RUS"]
[WhiteTeam "Russland"]
[BlackTeam "Finnland"]
[WhiteTeamCountry "RUS"]
[BlackTeamCountry "FIN"]

1. e4 c5 2. Nf3 Nc6 3. Bb5 g6 4. O-O Bg7 5. Bxc6 bxc6 6. Re1 Nh6 7. c3 O-O 8. d4 cxd4 9. cxd4 d5 10. e5 f6 11. h3 Nf7 12. e6 Nd6 13. Qc2 Ne4 14. Qxc6 Rb8 15. Nc3 Nxc3 16. Qxc3 Rb6 17. Bf4 Rxe6 18. Qc5 Rxe1+ 19. Rxe1 Rf7 20. Bc7 Qd7 21. Rc1 a6 22. Ne1 Bf8 23. Ba5 Bb7 24. Qb6 e5 25. dxe5 fxe5 26. Rc7 Qxc7 27. Qxc7 Rxc7 28. Bxc7 e4 29. Be5 Bg7 30. Bxg7 Kxg7 31. f3 Kf6 32. fxe4 dxe4 33. Kf2 Ke5 34. Ke3 Bd5 35. b3 Bc6 36. Nc2 Bb5 37. g3 g5 38. Nd4 Bd7 39. h4 gxh4 40. gxh4 Be8 41. Ne2 Kf5 42. Ng3+ Kg4 43. Nxe4 Kxh4 44. Kf4 h5 45. Nc5 Bb5 46. a4 Be2 47. Ke3 Bd1 48. b4 Kg3 49. b5 Bxa4 50. bxa6 1/2-1/2

[Event "Chigorin Memorial 2018"]
[Site "St. Petersburg"]
[Date "2018.10.27"]
[Round "1.23"]
[White "Ofitserian, Armen"]
[Black "Burmakin, Vladimir"]
[Result "0-1"]
[WhiteElo "2055"]
[BlackElo "2523"]
[Annotator "TA"]
[PlyCount "109"]
[EventDate "2018.10.27"]
[EventType "swiss"]
[EventCountry "RUS"]
[WhiteTeam "Russland"]
[BlackTeam "Russland"]
[WhiteTeamCountry "RUS"]
[BlackTeamCountry "RUS"]

1. d4 Nf6 2. Nf3 e6 3. Bf4 c5 4. e3 Nc6 5. c3 d5 6. Nbd2 Bd6 7. Ne5 Qc7 8. Ndf3 cxd4 9. exd4 Ne4 10. Nxc6 Bxf4 11. Nce5 O-O 12. g3 Bxe5 13. dxe5 f6 14. exf6 Rxf6 15. Bg2 Bd7 16. Qe2 Qb6 17. a4 Raf8 18. O-O Be8 19. a5 Qc5 20. Nd4 Rxf2 21. Rxf2 Rxf2 22. Qg4 Rf6 23. Rf1 Rxf1+ 24. Kxf1 Qf8+ 25. Bf3 Bd7 26. Ke2 Nc5 27. b4 Na4 28. Kd2 Qc8 29. Ne2 b6 30. axb6 Nxb6 31. Qg5 Qf8 32. Bh5 Qf6 33. Qf4 e5 34. Qxf6 gxf6 35. Nc1 Kf8 36. Be2 Bf5 37. Nb3 Ke7 38. Na5 Kd6 39. Nb7+ Kc6 40. Na5+ Kc7 41. Nb3 h6 42. Nc5 Kc6 43. Nb3 Nc4+ 44. Ke1 Nd6 45. Nd2 Ne4 46. Nxe4 Bxe4 47. Kd2 d4 48. cxd4 exd4 49. Bc4 Kd6 50. Ke2 Ke5 51. Ba6 Kf5 52. Bc8+ Kg5 53. Bh3 Bf5 54. Bg2 Kg4 55. Kf2 0-1